[Event "Championnat de France 2006 - Accession"]
[Site "BESANCON"]
[Date "2006.08.22"]
[Round "7.3"]
[White "Benitah, Yohan"]
[Black "Chomet, Pascal"]
[Result "1-0"]
[WhiteElo "2406"]
[BlackElo "2350"]
[PlyCount "71"]
[EventDate "2006.??.??"]

1. d4 d6 2. e4 Nf6 3. f3 d5 4. e5 Nfd7 5. f4 c5 6. c3 Nc6 7. Nf3 e6 8. Nbd2 Qb6
9. Nb3 a5 10. a4 f6 11. Bb5 c4 12. Nbd2 Na7 13. exf6 Nxb5 14. fxg7 Bxg7 15.
axb5 O-O 16. Qe2 Qxb5 17. O-O Rxf4 18. Qxe6+ Kh8 19. Ng5 Ne5 20. Qd6 Rxf1+ 21.
Nxf1 Ng6 22. Qd8+ Nf8 23. Ne3 Qd7 24. Qxd7 Bxd7 25. Nxd5 b5 26. Nf7+ Kg8 27.
Nd6 Ne6 28. Be3 Ra6 29. Nf5 h5 30. Rf1 a4 31. Nde7+ Kh7 32. d5 Nc7 33. Nxg7
Kxg7 34. Bd4+ Kh6 35. Rf7 Be8 36. Be3# 1-0

[Event "Championnat de France 2006 - Accession"]
[Site "BESANCON"]
[Date "2006.08.22"]
[Round "7.4"]
[White "Govciyan, Pavel"]
[Black "Feller, Sebastien"]
[Result "1-0"]
[WhiteElo "2397"]
[BlackElo "2345"]
[PlyCount "119"]
[EventDate "2006.??.??"]

1. d4 d5 2. Bf4 Nf6 3. e3 c5 4. Nf3 e6 5. a3 Qb6 6. Nc3 Bd7 7. Rb1 a6 8. Be2
Bd6 9. Ne5 cxd4 10. exd4 Qc7 11. Bg3 Nc6 12. f4 O-O 13. Bf2 Ne4 14. Nxe4 dxe4
15. O-O Ne7 16. c4 Nf5 17. g4 Nh6 18. Qc2 Bc6 19. Rbd1 f6 20. Nxc6 Qxc6 21. Be3
f5 22. h3 Rae8 23. g5 Nf7 24. b4 h6 25. gxh6 Nxh6 26. d5 exd5 27. Rxd5 Be7 28.
Rf2 Qf6 29. Rg2 Qh4 30. Qc3 Bf6 31. Bd4 Bxd4+ 32. Rxd4 Re7 33. Qe3 Qe1+ 34. Kh2
Kh8 35. Rg3 Qa1 36. Rg1 Qb2 37. Rg2 Qa1 38. c5 Kh7 39. Rd6 Rf6 40. Rd1 Qa2 41.
Bxa6 Qf7 42. Be2 Rg6 43. Rxg6 Qxg6 44. b5 Nf7 45. Rd5 Qe6 46. Qd4 g5 47. fxg5
Nxg5 48. Rd6 Qe5+ 49. Qxe5 Rxe5 50. c6 bxc6 51. b6 f4 52. b7 Re8 53. Bg4 e3 54.
Bf5+ Kh8 55. Rh6+ Kg7 56. Rg6+ Kf7 57. Rxg5 Kf6 58. Bc8 Kxg5 59. b8=Q e2 60.
h4+ 1-0

[Event "Championnat de France 2006 - Accession"]
[Site "BESANCON"]
[Date "2006.08.22"]
[Round "7.5"]
[White "Chernuschevich, Alexei"]
[Black "Bedouin, Xavier"]
[Result "1/2-1/2"]
[WhiteElo "2524"]
[BlackElo "2294"]
[PlyCount "85"]
[EventDate "2006.??.??"]

1. d4 d5 2. Nf3 Nf6 3. c4 e6 4. Nc3 Be7 5. Bg5 h6 6. Bh4 O-O 7. e3 Ne4 8. Bxe7
Qxe7 9. Rc1 c6 10. Bd3 Nxc3 11. bxc3 dxc4 12. Bxc4 Nd7 13. O-O b6 14. e4 Bb7
15. Re1 c5 16. d5 exd5 17. Bxd5 Bxd5 18. exd5 Qd6 19. c4 a6 20. a4 Rfe8 21. Qb3
Nf6 22. h3 Kf8 23. Qb2 Rxe1+ 24. Rxe1 Re8 25. Rxe8+ Nxe8 26. Qb1 g6 27. Qb2 Qf6
28. Ne5 Kg8 29. Qe2 Nd6 30. g3 h5 31. h4 Qe7 32. Qb2 Kh7 33. Kh2 Qc7 34. Qc1 b5
35. axb5 axb5 36. cxb5 Nxb5 37. Nc4 Nd4 38. d6 Qc6 39. Qf4 Nf3+ 40. Kh3 Ng1+
41. Kh2 Nf3+ 42. Kh3 Ng1+ 43. Kh2 1/2-1/2

[Event "Championnat de France 2006 - Accession"]
[Site "BESANCON"]
[Date "2006.08.22"]
[Round "7.6"]
[White "Robin, Samy"]
[Black "Philippe, Christophe"]
[Result "1-0"]
[WhiteElo "2289"]
[BlackElo "2411"]
[PlyCount "103"]
[EventDate "2006.??.??"]

1. e4 c5 2. Nf3 Nc6 3. d4 cxd4 4. Nxd4 Nf6 5. Nc3 e5 6. Ndb5 d6 7. Nd5 Nxd5 8.
exd5 Nb8 9. c4 Be7 10. Bd3 O-O 11. O-O a6 12. Nc3 f5 13. f3 Nd7 14. Be3 g5 15.
b4 e4 16. fxe4 f4 17. Bd4 Bf6 18. Be2 Bxd4+ 19. Qxd4 Ne5 20. Na4 Qf6 21. Kh1
Bd7 22. Nb6 Rad8 23. c5 g4 24. cxd6 f3 25. gxf3 gxf3 26. Nc4 Bh3 27. Qxe5 Qxe5
28. Nxe5 fxe2 29. Rg1+ Kh8 30. d7 Rf2 31. Rae1 h6 32. Nd3 Rf3 33. Ne5 Rf2 34.
Rxe2 Rxe2 35. Nf7+ Kh7 36. Nxd8 Bxd7 37. Nxb7 Rxa2 38. Nc5 Bb5 39. Re1 Rd2 40.
Ne6 Kg6 41. Nc7 Be2 42. Kg1 Kg5 43. Kf2 Bc4+ 44. Kf3 Rxh2 45. e5 Bd3 46. e6
Rh3+ 47. Kf2 Kf4 48. e7 Rf3+ 49. Kg2 Kg4 50. Re6 Bf1+ 51. Kh2 Bh3 52. Re4+ 1-0

[Event "Championnat de France 2006 - Accession"]
[Site "BESANCON"]
[Date "2006.08.22"]
[Round "7.7"]
[White "Bleunven, Andre"]
[Black "Riff, Vincent"]
[Result "1/2-1/2"]
[WhiteElo "2276"]
[BlackElo "2328"]
[PlyCount "31"]
[EventDate "2006.??.??"]

1. d4 Nf6 2. Nf3 d5 3. c4 c6 4. e3 a6 5. Bd3 g6 6. O-O Bg7 7. Nc3 O-O 8. Bd2
Be6 9. cxd5 cxd5 10. Qb3 Bc8 11. Rfc1 Nc6 12. Na4 Qd6 13. Nb6 Rb8 14. Qa3 Qd8
15. Qb3 Qd6 16. Qa3 1/2-1/2

[Event "Championnat de France 2006 - Accession"]
[Site "BESANCON"]
[Date "2006.08.22"]
[Round "7.8"]
[White "Letreguilly, Olivier"]
[Black "Houriez, Clement"]
[Result "0-1"]
[WhiteElo "2313"]
[BlackElo "2125"]
[PlyCount "86"]
[EventDate "2006.??.??"]

1. d4 Nf6 2. Nf3 g6 3. c4 Bg7 4. Nc3 d5 5. Bg5 Ne4 6. cxd5 Nxg5 7. Nxg5 e6 8.
Nf3 exd5 9. e3 O-O 10. Bd3 a5 11. O-O c6 12. Qc2 Re8 13. h3 Be6 14. a3 Nd7 15.
Na4 Bf8 16. Nc5 Nxc5 17. dxc5 b6 18. cxb6 Qxb6 19. Ng5 Bd7 20. e4 Rab8 21. Rab1
Qb3 22. Qd2 Bh6 23. f4 f6 24. Nf3 Rbd8 25. exd5 cxd5 26. Bc2 Qe3+ 27. Qxe3 Rxe3
28. Nd4 Bf8 29. Kf2 Ree8 30. Kf3 Bc5 31. Rfd1 Kg7 32. b4 axb4 33. axb4 Bb6 34.
Bb3 Re4 35. Nc2 Bc6 36. b5 Bb7 37. Rd3 d4 38. Kg3 Re2 39. Ne1 Be4 40. Rbd1 Rxe1
41. Rxe1 Bxd3 42. Re7+ Kh8 43. Re6 Bc7 0-1

[Event "Championnat de France 2006 - Accession"]
[Site "BESANCON"]
[Date "2006.08.22"]
[Round "7.9"]
[White "Pucher, Olivier"]
[Black "Vitoux, Colomban"]
[Result "0-1"]
[WhiteElo "2257"]
[BlackElo "2300"]
[PlyCount "74"]
[EventDate "2006.??.??"]

1. d4 Nf6 2. c4 g6 3. Nc3 d5 4. Nf3 Bg7 5. cxd5 Nxd5 6. Bg5 O-O 7. Nxd5 Qxd5 8.
Bxe7 Re8 9. Bb4 Nc6 10. Bc3 Bg4 11. Ne5 Nxe5 12. dxe5 Qc5 13. h3 Rad8 14. Qc1
Bd7 15. e3 Bxe5 16. Be2 Bc6 17. Rg1 Bb5 18. Bxe5 Qxe5 19. Bxb5 Qxb5 20. a4 Qa5+
21. Qc3 Qxc3+ 22. bxc3 Rd3 23. Ra3 Red8 24. Ke2 Rd2+ 25. Kf3 Rc2 26. Rb1 b6 27.
a5 Rdd2 28. axb6 Rxf2+ 29. Ke4 axb6 30. g4 Rf6 31. Rd1 Re6+ 32. Kf4 Rf2+ 33.
Kg3 Re2 34. Rd8+ Kg7 35. Raa8 g5 36. Rg8+ Kf6 37. Ra1 R6xe3# 0-1

[Event "Championnat de France 2006 - Accession"]
[Site "BESANCON"]
[Date "2006.08.22"]
[Round "7.10"]
[White "Terrieux, Kevin"]
[Black "Jolly, Jean-Francois"]
[Result "1-0"]
[WhiteElo "2343"]
[BlackElo "2266"]
[PlyCount "47"]
[EventDate "2006.??.??"]

1. d4 Nf6 2. c4 g6 3. Nc3 Bg7 4. e4 d6 5. Be2 O-O 6. Bg5 Nbd7 7. Qd2 e5 8. d5
a5 9. f3 h6 10. Be3 Nh5 11. Nh3 Nc5 12. Nf2 Kh7 13. g3 f5 14. exf5 gxf5 15. f4
Qe8 16. fxe5 Bxe5 17. Bxh6 Rg8 18. Be3 Bd7 19. O-O-O a4 20. Bd4 Nf6 21. Rde1 c6
22. Bf3 cxd5 23. Nxd5 Qf7 24. Bxc5 1-0

[Event "Championnat de France 2006 - Accession"]
[Site "BESANCON"]
[Date "2006.08.22"]
[Round "7.15"]
[White "Crouan, Stephane"]
[Black "Therkildsen, Thomas"]
[Result "0-1"]
[WhiteElo "2253"]
[BlackElo "2285"]
[PlyCount "72"]
[EventDate "2006.??.??"]

1. e4 Nf6 2. e5 Nd5 3. d4 d6 4. Nf3 dxe5 5. Nxe5 g6 6. c4 Nf6 7. Nc3 Bg7 8. Be2
c6 9. O-O O-O 10. Be3 Nbd7 11. f4 Nb6 12. Rc1 Be6 13. b3 Qb8 14. Bf3 Rd8 15.
Qe2 Nfd7 16. Nd3 Nf8 17. Qf2 Nbd7 18. g4 f5 19. h3 Nf6 20. Ne5 N8d7 21. g5 Nxe5
22. fxe5 Ne4 23. Nxe4 fxe4 24. Bxe4 Bxh3 25. Qf7+ Kh8 26. Rf4 Rf8 27. Qxe7 Rxf4
28. Bxf4 Qc8 29. e6 Bxd4+ 30. Kh2 Qxe6 31. Qxb7 Rf8 32. Bf3 Rxf4 33. Qb8+ Kg7
34. Qxf4 Be5 35. Qxe5+ Qxe5+ 36. Kxh3 Qf5+ 0-1

[Event "Championnat de France 2006 - Accession"]
[Site "BESANCON"]
[Date "2006.08.22"]
[Round "7.16"]
[White "Moussard, Jules"]
[Black "Olivier, Jean-Christophe"]
[Result "0-1"]
[WhiteElo "2178"]
[BlackElo "2392"]
[PlyCount "74"]
[EventDate "2006.??.??"]

1. e4 c5 2. Nf3 e6 3. d4 cxd4 4. Nxd4 Nc6 5. Nb3 Nf6 6. Bd3 d5 7. exd5 Nxd5 8.
a3 g6 9. O-O Bg7 10. c4 Nb6 11. Qc2 O-O 12. N1d2 a5 13. Nf3 a4 14. Nc5 e5 15.
Be4 Qc7 16. b4 axb3 17. Nxb3 Be6 18. c5 Nd7 19. Be3 h6 20. Bd3 Nf6 21. Bc4 Nd5
22. Bc1 f5 23. Bb2 Bf7 24. Rad1 Rfd8 25. Rfe1 e4 26. Nh4 Bxb2 27. Qxb2 Nf4 28.
Qc1 Bxc4 29. Qxc4+ Qf7 30. Rxd8+ Rxd8 31. Qb5 g5 32. Nxf5 Qxf5 33. Qxb7 Nd3 34.
Rf1 Qd5 35. Nd2 Nf4 36. Nc4 Qxc4 37. Qxc6 Qxf1+ 0-1

[Event "Championnat de France 2006 - Accession"]
[Site "BESANCON"]
[Date "2006.08.22"]
[Round "7.17"]
[White "Alanic, Mickael"]
[Black "Seret, Jean-Luc"]
[Result "0-1"]
[WhiteElo "2246"]
[BlackElo "2378"]
[PlyCount "77"]
[EventDate "2006.??.??"]

1. e4 d6 2. g3 g6 3. Bg2 Bg7 4. d3 c5 5. Nf3 Nc6 6. c3 Nf6 7. O-O O-O 8. Re1
Rb8 9. a3 b5 10. d4 Bg4 11. h3 Bxf3 12. Bxf3 cxd4 13. cxd4 e5 14. dxe5 dxe5 15.
Be3 Qc8 16. Bg2 Rd8 17. Nd2 Nd4 18. Rc1 Qe6 19. Rc3 Bf8 20. Rd3 b4 21. f4 bxa3
22. bxa3 Nh5 23. fxe5 Nc6 24. Rd5 Nxg3 25. Nc4 Nh5 26. Qg4 Ng7 27. Red1 Qxg4
28. hxg4 Ne6 29. Kf2 Be7 30. Rd7 Rb3 31. Rxd8+ Bxd8 32. Rd6 Bh4+ 33. Ke2 Ne7
34. Kd2 Bg5 35. Bxg5 Nxg5 36. Rd8+ Kg7 37. Nd6 Nc6 38. Rc8 Nxe5 39. Ne8+ 0-1

[Event "Championnat de France 2006 - Accession"]
[Site "BESANCON"]
[Date "2006.08.22"]
[Round "7.18"]
[White "Khairallah, Faisal"]
[Black "Saucey, Michel"]
[Result "1-0"]
[WhiteElo "2248"]
[BlackElo "2342"]
[PlyCount "67"]
[EventDate "2006.??.??"]

1. e4 g6 2. d4 Bg7 3. c4 d6 4. Nf3 e5 5. dxe5 dxe5 6. Qxd8+ Kxd8 7. Nc3 Nd7 8.
Be3 f6 9. g4 c6 10. O-O-O Nh6 11. h3 Nf7 12. c5 Ke7 13. Bc4 Bh6 14. Bxh6 Nxh6
15. b4 a5 16. b5 Nxc5 17. g5 Nf7 18. gxf6+ Kxf6 19. Bxf7 Kxf7 20. bxc6 bxc6 21.
Nxe5+ Kg7 22. Rd6 Ra6 23. h4 Re8 24. f4 Re6 25. Rhd1 Nb7 26. R6d2 Rf6 27. Nd3
Be6 28. Rb2 Ra7 29. Rb6 Bg4 30. Rd2 c5 31. Rb1 c4 32. Ne5 Be6 33. Nc6 Ra6 34.
Rxb7+ 1-0

[Event "Championnat de France 2006 - Accession"]
[Site "BESANCON"]
[Date "2006.08.22"]
[Round "7.27"]
[White "Veron, Cyprien"]
[Black "Saada, Julien"]
[Result "0-1"]
[WhiteElo "2079"]
[BlackElo "2257"]
[PlyCount "55"]
[EventDate "2006.??.??"]

1. Nf3 d5 2. d4 Nf6 3. c4 e6 4. Nc3 Nbd7 5. e3 c6 6. Bd3 Bd6 7. O-O O-O 8. Qc2
dxc4 9. Bxc4 Qe7 10. e4 e5 11. h3 b5 12. Bd3 Bb7 13. Bg5 a6 14. Rad1 Rac8 15.
Rfe1 Bb8 16. Qe2 h6 17. Be3 exd4 18. Nxd4 Ne5 19. Nf5 Qc7 20. f4 Nxd3 21. Rxd3
c5 22. e5 c4 23. exf6 cxd3 24. Qg4 g6 25. Nxh6+ Kh7 26. Qh4 d2 27. Re2 g5 28.
Qxg5 0-1

[Event "Championnat de France 2006 - Open A"]
[Site "BESANCON"]
[Date "2006.08.22"]
[Round "7.1"]
[White "Gaubil, Olivier"]
[Black "Vilaisarn, Akkhavanh"]
[Result "0-1"]
[WhiteElo "2103"]
[BlackElo "2190"]
[PlyCount "64"]
[EventDate "2006.??.??"]

1. Nf3 Nf6 2. c4 e6 3. Nc3 d5 4. cxd5 exd5 5. d4 c6 6. Bf4 Bf5 7. Nh4 Be6 8.
Nf3 Bf5 9. a3 Be7 10. e3 O-O 11. Ne5 Nbd7 12. g4 Be6 13. g5 Ne4 14. Nxd7 Qxd7
15. Nxe4 dxe4 16. Rc1 Rfd8 17. Bg2 Bf5 18. Qc2 Qe6 19. Qc4 Rd5 20. h4 Rad8 21.
b4 Re8 22. Bf1 Bg4 23. Qc2 Bf3 24. Rg1 Qf5 25. Bc4 Rxd4 26. Rg3 Bf8 27. Bb3 Rd3
28. Bc4 Rd4 29. Bf1 Rd3 30. Rxf3 Rxa3 31. Bc4 Bxb4+ 32. Kf1 Rc3 0-1

[Event "Championnat de France 2006 - Open A"]
[Site "BESANCON"]
[Date "2006.08.22"]
[Round "7.2"]
[White "Oliveira, Sancho"]
[Black "Adda, Olivier"]
[Result "1/2-1/2"]
[WhiteElo "2172"]
[BlackElo "2142"]
[PlyCount "77"]
[EventDate "2006.??.??"]

1. e4 e5 2. Nf3 Nc6 3. Bb5 a6 4. Ba4 Nf6 5. O-O b5 6. Bb3 Bb7 7. c3 Nxe4 8. d4
d6 9. Re1 f5 10. Nbd2 Na5 11. dxe5 Nxb3 12. Qxb3 d5 13. Nd4 Bc5 14. Nxe4 fxe4
15. Be3 Bb6 16. a4 bxa4 17. Qxa4+ Qd7 18. Qxd7+ Kxd7 19. e6+ Ke8 20. Nb3 Bxe3
21. Rxe3 Rf8 22. Nc5 Bc8 23. Rh3 h6 24. Rg3 g5 25. h4 Rf5 26. hxg5 Rxg5 27.
Rxg5 hxg5 28. Rd1 c6 29. c4 dxc4 30. Rd4 Rb8 31. Rxc4 e3 32. fxe3 Rxb2 33. Rg4
Ke7 34. Rxg5 Bxe6 35. Rg6 Bf7 36. Rxc6 Rxg2+ 37. Kxg2 Bd5+ 38. Kg3 Bxc6 39.
Nxa6 1/2-1/2

[Event "Championnat de France 2006 - Open A"]
[Site "BESANCON"]
[Date "2006.08.22"]
[Round "7.3"]
[White "Marie, Maxime"]
[Black "Debeaune, Robin"]
[Result "1-0"]
[WhiteElo "2165"]
[BlackElo "2150"]
[PlyCount "89"]
[EventDate "2006.??.??"]

1. e4 c5 2. Nf3 Nc6 3. d4 cxd4 4. Nxd4 Nf6 5. Nc3 g6 6. f4 d6 7. Nxc6 bxc6 8.
e5 Nd7 9. exd6 exd6 10. Bd3 Nc5 11. O-O Nxd3 12. Qxd3 Be7 13. Re1 Be6 14. Ne4
O-O 15. b3 d5 16. Ng3 Bf6 17. Ba3 Qb6+ 18. Kh1 Rfe8 19. f5 Bd7 20. Rad1 a5 21.
Qf3 Bd4 22. Be7 Bc5 23. Bf6 Rxe1+ 24. Rxe1 Bd4 25. fxg6 hxg6 26. Re7 Be6 27. h4
Qb4 28. c3 Bxf6 29. cxb4 Bxe7 30. bxa5 Rxa5 31. h5 Rxa2 32. Qc3 c5 33. Qe5 Ra6
34. h6 Bf8 35. Qb8 Ra3 36. h7+ Kxh7 37. Qxf8 Rxb3 38. Ne2 c4 39. Nd4 Rd3 40.
Nf3 g5 41. Nxg5+ Kg6 42. Nf3 Kf5 43. Qg7 Rd1+ 44. Kh2 Ke4 45. Qb2 1-0

[Event "Championnat de France 2006 - Open A"]
[Site "BESANCON"]
[Date "2006.08.22"]
[Round "7.4"]
[White "Faure, Stephane"]
[Black "Fischer, Marc"]
[Result "0-1"]
[WhiteElo "2143"]
[BlackElo "2146"]
[PlyCount "93"]
[EventDate "2006.??.??"]

1. d4 Nf6 2. Nf3 c5 3. d5 d6 4. Nc3 e5 5. e4 a6 6. a4 Be7 7. Be2 Nbd7 8. Nd2
Nf8 9. Nc4 Ng6 10. O-O Bd7 11. a5 O-O 12. Ra3 Ne8 13. Nb6 Rb8 14. Bg4 Nf6 15.
Be2 Bb5 16. Nxb5 axb5 17. Bxb5 Nxe4 18. Rh3 Bg5 19. Nd7 Bxc1 20. Nxb8 Qxa5 21.
c4 Nf4 22. Ra3 Qd2 23. Qxd2 Nxd2 24. Rxc1 Ne2+ 25. Kh1 Nxc1 26. Nd7 Rd8 27. Nb6
f5 28. Bd7 f4 29. Be6+ Kh8 30. f3 e4 31. fxe4 Nxe4 32. Kg1 Ne2+ 33. Kf1 Nd4 34.
Ra7 Rb8 35. Nd7 Re8 36. Rxb7 Ra8 37. Rb8+ Rxb8 38. Nxb8 Nd2+ 39. Kf2 Nxc4 40.
Nc6 Nxb2 41. Nd8 Nd3+ 42. Kf1 Ne5 43. Nb7 Nb5 44. Ke2 g6 45. Na5 Kg7 46. Nc6
Nxc6 47. dxc6 0-1

[Event "Championnat de France 2006 - Open A"]
[Site "BESANCON"]
[Date "2006.08.22"]
[Round "7.5"]
[White "Girard, Eric"]
[Black "Bodenez, Vincent"]
[Result "0-1"]
[WhiteElo "2090"]
[BlackElo "2194"]
[PlyCount "112"]
[EventDate "2006.??.??"]

1. c4 b6 2. Nc3 Bb7 3. e4 e6 4. Nf3 Bb4 5. Bd3 Ne7 6. Ne2 Ng6 7. a3 Bd6 8. Bc2
Nh4 9. Nxh4 Qxh4 10. Ng3 f5 11. exf5 O-O 12. Qh5 Qxh5 13. Nxh5 exf5 14. O-O Nc6
15. d3 f4 16. g3 Ne5 17. Bd1 Nxd3 18. Bd2 g6 19. Be2 fxg3 20. Nxg3 Nf4 21. Bxf4
Rxf4 22. f3 Re8 23. Rad1 a5 24. b4 axb4 25. axb4 Bxb4 26. Rxd7 Bd6 27. Ne4 Bxe4
28. fxe4 Rxf1+ 29. Bxf1 Rxe4 30. h3 Re7 31. Rxe7 Bxe7 32. Kg2 Kf7 33. Kf3 Ke6
34. Ke4 Bd6 35. Be2 Kf6 36. Bg4 Kg5 37. Be6 Kf6 38. Bd5 h6 39. Bc6 Ke6 40. Be8
g5 41. Bc6 Bf4 42. Kd4 Kd6 43. Bf3 c6 44. Be2 Bc1 45. Bf1 Bb2+ 46. Ke4 Kc5 47.
Kd3 Be5 48. Be2 b5 49. cxb5 cxb5 50. Kc2 b4 51. Kb3 Bc3 52. Bh5 Kd4 53. Kc2 Ke3
54. Kd1 Kf2 55. Bg4 b3 56. Bf5 h5 0-1

[Event "Championnat de France 2006 - Open A"]
[Site "BESANCON"]
[Date "2006.08.23"]
[Round "7.6"]
[White "Bonn, Thomas"]
[Black "Rigolot, Matthieu"]
[Result "0-1"]
[WhiteElo "2057"]
[BlackElo "2153"]
[PlyCount "73"]
[EventDate "2006.??.??"]

1. b3 b6 2. Bb2 Bb7 3. c4 Nf6 4. Nf3 e6 5. e3 d5 6. Nc3 Nbd7 7. Be2 Bd6 8. O-O
O-O 9. Rc1 a6 10. d4 c5 11. dxc5 Nxc5 12. cxd5 exd5 13. Nd4 Be5 14. Bf3 Nce4
15. Nce2 Qd7 16. Ng3 Rfc8 17. Rxc8+ Rxc8 18. Qd3 Rc5 19. Ba1 Qc7 20. Rd1 g6 21.
Bxe4 dxe4 22. Qd2 h5 23. Bb2 Ng4 24. Rc1 h4 25. Nge2 Bxh2+ 26. Kf1 Ne5 27. Ba3
Rxc1+ 28. Qxc1 Nd3 29. Qxc7 Bxc7 30. Be7 b5 31. Bxh4 b4 32. Be7 a5 33. Nb5 Bb6
34. Kg1 Bd5 35. Nbd4 a4 36. Nc2 Bxb3 37. axb3 0-1

[Event "Championnat de France 2006 - Open A"]
[Site "BESANCON"]
[Date "2006.08.23"]
[Round "7.7"]
[White "Duchateau, Thomas"]
[Black "Serve, Emmanuel"]
[Result "0-1"]
[WhiteElo "2129"]
[BlackElo "1944"]
[PlyCount "126"]
[EventDate "2006.??.??"]

1. d4 d5 2. c4 e6 3. Nf3 Nf6 4. e3 c6 5. Nbd2 Nbd7 6. Bd3 Be7 7. O-O O-O 8. e4
b6 9. e5 Ne8 10. Re1 Bb7 11. cxd5 exd5 12. Nf1 Nc7 13. Ng3 Ne6 14. Nf5 Re8 15.
Nxe7+ Qxe7 16. b3 Rac8 17. Qd2 c5 18. Ba3 Qd8 19. Bf5 Ndf8 20. Rad1 Rc7 21. h4
f6 22. exf6 Qxf6 23. Re5 Nxd4 24. Rxe8 Nxf3+ 25. gxf3 Qxf5 26. Qe3 Rc6 27. Re5
Qh3 28. Rg5 Qxh4 29. Qe5 Qxg5+ 30. Qxg5 Rg6 31. Qg3 d4 32. Kg2 a5 33. Re1 Kf7
34. Bc1 Rxg3+ 35. fxg3 Ne6 36. Kf2 Bd5 37. Re5 Bc6 38. f4 Kf6 39. g4 g5 40.
Rf5+ Ke7 41. fxg5 Be4 42. Re5 Bd3 43. Kg3 Kd6 44. Re1 b5 45. Bd2 a4 46. bxa4
bxa4 47. Kh4 Bg6 48. Rf1 Ke5 49. Rf3 c4 50. Ra3 Nc5 51. Kg3 c3 52. Kf3 cxd2 53.
Ke2 d3+ 54. Kxd2 Kd4 55. Kd1 Be8 56. Kd2 Ne4+ 57. Ke1 Nc3 58. g6 Bxg6 59. g5
d2+ 60. Kxd2 Nb1+ 61. Kc1 Nxa3 62. Kb2 Nc4+ 63. Ka1 Kd3 0-1

[Event "Championnat de France 2006 - Open A"]
[Site "BESANCON"]
[Date "2006.08.23"]
[Round "7.7"]
[White "Lewis, John"]
[Black "Buscara, Servan"]
[Result "1/2-1/2"]
[WhiteElo "2112"]
[BlackElo "1964"]
[PlyCount "131"]
[EventDate "2006.??.??"]

1. d4 d5 2. c4 c6 3. Nf3 Nf6 4. e3 a6 5. Bd3 Bg4 6. Nbd2 e6 7. O-O Nbd7 8. Qc2
Bd6 9. b3 O-O 10. Bb2 Qb8 11. h3 Bh5 12. Ng5 Bg6 13. c5 Bxd3 14. Qxd3 Bh2+ 15.
Kh1 h6 16. Ngf3 Bc7 17. e4 dxe4 18. Nxe4 Nxe4 19. Qxe4 Nf6 20. Qe2 Nd5 21. Ne5
Bxe5 22. dxe5 Qd8 23. Rad1 Qe7 24. Rc1 Rfd8 25. Rc4 Rd7 26. Bc1 Kh8 27. Qh5 Qf8
28. Re1 Ne7 29. Rf4 Ng6 30. Rc4 Rd5 31. g4 Kh7 32. g5 Rad8 33. Kh2 Rd4 34. gxh6
gxh6 35. Re4 Rxc4 36. Rxc4 Rd5 37. Re4 Qg7 38. b4 Rxe5 39. Rxe5 Qxe5+ 40. Qxe5
Nxe5 41. Kg3 Kg6 42. Bb2 Nc4 43. Bc1 f5 44. f4 e5 45. fxe5 Nxe5 46. Bd2 Nc4 47.
Bf4 a5 48. bxa5 Nxa5 49. Kf3 Nc4 50. Ke2 Na3 51. Kd3 Kh5 52. Kc3 Kh4 53. Bxh6
Kxh3 54. Kb4 Nb5 55. Ka5 Nc3 56. Kb6 Nxa2 57. Bd2 Kg4 58. Kxb7 f4 59. Kxc6 f3
60. Be3 Kg3 61. Kb5 Nc3+ 62. Kc4 Ne4 63. c6 Nd6+ 64. Kd5 Nc8 65. c7 f2 66.
Bxf2+ 1/2-1/2

[Event "Championnat de France 2006 - Open A"]
[Site "BESANCON"]
[Date "2006.08.22"]
[Round "7.9"]
[White "Lacroix, Romain"]
[Black "Martinez, Vincent"]
[Result "1/2-1/2"]
[WhiteElo "2075"]
[BlackElo "2158"]
[PlyCount "53"]
[EventDate "2006.??.??"]

1. e4 c6 2. d4 d5 3. exd5 cxd5 4. Bd3 Nc6 5. c3 Qc7 6. Nf3 Bg4 7. O-O e6 8. h3
Bh5 9. Re1 Bd6 10. Nbd2 Nge7 11. Nf1 a6 12. Bg5 O-O 13. Bh4 Bg6 14. Bg3 Rac8
15. Bxd6 Qxd6 16. Ne5 Nxe5 17. dxe5 Qb6 18. Bxg6 Nxg6 19. Qd2 Rfd8 20. Rad1 Rd7
21. Nh2 Qc5 22. Nf3 b5 23. Nd4 a5 24. f4 Ne7 25. Kh1 b4 26. cxb4 Qxb4 27. Re3
1/2-1/2

[Event "Championnat de France 2006 - Open A"]
[Site "BESANCON"]
[Date "2006.08.22"]
[Round "7.10"]
[White "Prouteau, Thomas"]
[Black "Laruelle, Joel"]
[Result "1-0"]
[WhiteElo "2080"]
[BlackElo "2145"]
[PlyCount "81"]
[EventDate "2006.??.??"]

1. d4 d5 2. c4 c6 3. Nc3 Nf6 4. Nf3 dxc4 5. a4 Bg4 6. e3 e5 7. dxe5 Qxd1+ 8.
Nxd1 Nfd7 9. Bxc4 Bxf3 10. gxf3 Nxe5 11. Be2 Bb4+ 12. Nc3 O-O 13. f4 Ng6 14. h4
Nd7 15. Bd2 Rfe8 16. h5 Ngf8 17. h6 g6 18. Bc4 Nc5 19. O-O-O Rad8 20. Kc2 Rd6
21. b3 Red8 22. f3 a5 23. Ne4 Nxe4 24. Bxb4 Rxd1 25. Rxd1 Rxd1 26. Kxd1 Nf2+
27. Ke2 axb4 28. Kxf2 Nd7 29. e4 Kf8 30. Ke3 b6 31. Kd4 Ke7 32. e5 Nf8 33. a5
bxa5 34. Kc5 Ne6+ 35. Kxc6 a4 36. bxa4 b3 37. a5 b2 38. Bd3 Nd4+ 39. Kb6 Kd7
40. a6 Nc6 41. a7 1-0

[Event "Championnat de France 2006 - Open B"]
[Site "BESANCON"]
[Date "2006.08.22"]
[Round "7.1"]
[White "Le, Samuel"]
[Black "Pingue, Renaud"]
[Result "0-1"]
[WhiteElo "1937"]
[BlackElo "1932"]
[PlyCount "56"]
[EventDate "2006.??.??"]

1. e4 e5 2. Nf3 Nc6 3. Bc4 Bc5 4. O-O Nf6 5. d4 exd4 6. e5 d5 7. exf6 dxc4 8.
Re1+ Be6 9. Ng5 Qd5 10. Nc3 Qf5 11. Nce4 Bb6 12. g4 Qg6 13. Nxe6 fxe6 14. f7+
Kd7 15. Ng5 e5 16. f4 h6 17. f5 Qf6 18. Ne6 Qxf7 19. a4 a5 20. Qf3 Rae8 21.
Qd5+ Kc8 22. Qxc4 g6 23. Rf1 gxf5 24. gxf5 Nd8 25. b4 Nxe6 26. bxa5 Bxa5 27.
Qb5 Bc3 28. fxe6 Qg6+ 0-1

[Event "Championnat de France 2006 - Open B"]
[Site "BESANCON"]
[Date "2006.08.22"]
[Round "7.2"]
[White "Tardif, Olivier"]
[Black "Rodrigues, Gilbert"]
[Result "1-0"]
[WhiteElo "1979"]
[BlackElo "1890"]
[PlyCount "69"]
[EventDate "2006.??.??"]

1. e4 c5 2. c4 g6 3. Nc3 Nc6 4. f4 Bg7 5. Nf3 e6 6. d3 Nge7 7. Be3 Nd4 8. Bd2
O-O 9. Nxd4 cxd4 10. Nb5 a6 11. Nd6 Qb6 12. Nxc8 Raxc8 13. b4 e5 14. c5 Qe6 15.
Be2 f5 16. O-O fxe4 17. Bg4 Qd5 18. dxe4 Qxe4 19. Bf3 Qd3 20. Be2 Qa3 21. Rf3
d3 22. Rxd3 Qb2 23. Bc3 Qa3 24. Bd2 Qb2 25. Bc3 Qa3 26. fxe5 a5 27. Bd2 Qb2 28.
Bc3 Qa3 29. Qd2 Nc6 30. Rxd7 axb4 31. Bb2 Qa7 32. Qd5+ Kh8 33. Rxg7 Kxg7 34.
e6+ Kg8 35. e7+ 1-0

[Event "Championnat de France 2006 - Open B"]
[Site "BESANCON"]
[Date "2006.08.22"]
[Round "7.3"]
[White "Baudon, Sebastien"]
[Black "Contout, Aime"]
[Result "1-0"]
[WhiteElo "1984"]
[BlackElo "1808"]
[PlyCount "35"]
[EventDate "2006.??.??"]

1. f4 d5 2. Nf3 Nf6 3. b3 c5 4. Bb2 Nc6 5. e3 e6 6. Bb5 Qb6 7. Bxc6+ Qxc6 8.
O-O Nd7 9. d3 f6 10. Qe1 b6 11. Qg3 Bb7 12. Nbd2 O-O-O 13. a4 Rg8 14. b4 h6 15.
bxc5 Nxc5 16. Bxf6 gxf6 17. Qxg8 Nxa4 18. Nd4 1-0

[Event "Championnat de France 2006 - Open B"]
[Site "BESANCON"]
[Date "2006.08.22"]
[Round "7.4"]
[White "Jophe, Jacky"]
[Black "Marceline, Philippe"]
[Result "0-1"]
[WhiteElo "1945"]
[BlackElo "1880"]
[PlyCount "58"]
[EventDate "2006.??.??"]

1. d4 Nf6 2. Nf3 g6 3. c4 Bg7 4. Nc3 d5 5. e3 O-O 6. Be2 c5 7. O-O cxd4 8. exd4
Nc6 9. Be3 b6 10. Rc1 Bb7 11. Qd2 Rc8 12. Rfd1 dxc4 13. Bxc4 Na5 14. Be2 Nc4
15. Bxc4 Rxc4 16. Ne5 Rc8 17. Bh6 Qd6 18. Bxg7 Kxg7 19. f3 Qb4 20. Ne4 Qxd2 21.
Nxd2 Rfd8 22. Nf1 Rxd4 23. Re1 Rxc1 24. Rxc1 Nd5 25. Nc6 Bxc6 26. Rxc6 Rd1 27.
Kf2 Rb1 28. Rc2 Rxf1+ 29. Ke2 Rg1 0-1

[Event "Championnat de France 2006 - Open B"]
[Site "BESANCON"]
[Date "2006.08.22"]
[Round "7.5"]
[White "Thill, Alain"]
[Black "Fevre, Mathieu"]
[Result "0-1"]
[WhiteElo "1715"]
[BlackElo "1905"]
[PlyCount "78"]
[EventDate "2006.??.??"]

1. e4 c5 2. Nf3 d6 3. d4 cxd4 4. Nxd4 Nf6 5. Nc3 g6 6. Be3 Bg7 7. f3 O-O 8. Qd2
Nc6 9. Bc4 Bd7 10. h4 Rc8 11. Bb3 Ne5 12. O-O-O Nc4 13. Bxc4 Rxc4 14. g4 h5 15.
Bh6 Nxe4 16. Nxe4 Rxd4 17. Qg5 Rxd1+ 18. Kxd1 d5 19. Bxg7 Kxg7 20. Nf2 f6 21.
Qe3 d4 22. Qd3 hxg4 23. Nxg4 Bf5 24. Qd2 Rh8 25. Qe2 Qc7 26. Nf2 e5 27. Ne4 Qc6
28. Rh2 Qa4 29. a3 Rd8 30. Kc1 b5 31. Qd2 Qc4 32. Ng3 Be6 33. b3 Qc5 34. Qa5
Rc8 35. Ne4 Qb6 36. Qxb6 axb6 37. Nd6 Rc6 38. Nxb5 Bxb3 39. Na7 Rc5 0-1